书目信息 |
| 题名: |
中国教育大系
|
|
| 作者: | 顾明远 总主编 ;王鸿宾 主编 | |
| 分册: | 历代教育名人志 | |
| 出版信息: | 武汉 湖北教育出版社 2015.07 |
|
| 页数: | 37,888页 | |
| 开本: | 27cm | |
| 丛书名: | ||
| 单 册: | ||
| 中图分类: | G529 , K825.46=2 | |
| 科图分类: | ||
| 主题词: | 教育史--研究资料--中国 , 教育家--介绍--中国 | |
| 电子资源: | ||
| ISBN: | 978-7-5564-0813-9 | |
| 000 | 01024nam0 2200301 450 | |
| 001 | 0120151659607 | |
| 005 | 20151231090830.79 | |
| 010 | @a978-7-5564-0813-9@b精装@dCNY280.00,CNY3850.00(全12册) | |
| 100 | @a20151009d2015 em y0chiy50 ea | |
| 101 | 0 | @achi |
| 102 | @aCN@b110000 | |
| 105 | @ay z 001yy | |
| 106 | @ar | |
| 200 | 1 | @a中国教育大系@9zhong guo jiao yu da xi@i历代教育名人志@f顾明远总主编 |
| 210 | @a武汉@c湖北教育出版社@d2015.07 | |
| 215 | @a37,888页@d27cm | |
| 300 | @a湖北省学术著作出版专项资金资助项目 | |
| 314 | @a主编:王鸿宾[等] | |
| 330 | @a本书为《中国教育大系》五大系列之一,共收录人物2847位,计约120万字。分为先秦、秦汉、魏晋南北朝、隋唐五代、宋辽金元、明、前中清、清末等十个部分。 | |
| 333 | @a教育研究者 | |
| 606 | 0 | @a教育史@x研究资料@y中国 |
| 606 | 0 | @a教育家@x介绍@y中国 |
| 690 | @aG529@v5 | |
| 690 | @aK825.46=2@v5 | |
| 701 | 0 | @a顾明远@9gu ming yuan@4总主编 |
| 702 | 0 | @a王鸿宾@9wang hong bin@4主编 |
| 801 | 0 | @aCN@b人天书店@c20151009 |
| 905 | @b875211@dG529@e186@f1 | |
| 中国教育大系.历代教育名人志/顾明远总主编.-武汉:湖北教育出版社,2015.07 |
| 37,888页;27cm |
| 湖北省学术著作出版专项资金资助项目.-使用对象:教育研究者 |
| ISBN 978-7-5564-0813-9(精装):CNY280.00,CNY3850.00(全12册) |
| 本书为《中国教育大系》五大系列之一,共收录人物2847位,计约120万字。分为先秦、秦汉、魏晋南北朝、隋唐五代、宋辽金元、明、前中清、清末等十个部分。 |
| ● |
| 相关链接 |
|
|
|
|
正题名:中国教育大系
索取号:G529/186
 
预约/预借
| 序号 | 登录号 | 条形码 | 馆藏地/架位号 | 状态 | 备注 |
| 1 | 875211 | 208752116 | 学院路分馆/ [索取号:G529/186] | 在馆 |